| 000 | 00755 a2200205 4500 | ||
|---|---|---|---|
| 020 | _a082180863X | ||
| 020 | _a9780821808634 | ||
| 082 | _a512.7 | ||
| 090 |
_c974 _d974 |
||
| 100 | 1 | _aKato, Kazuya. | |
| 245 | 1 | 0 |
_aNumber theory 1 : _bfermat's dream / _cKazuya Kato, Nobushige Kurokawa, Takeshi Saito. |
| 260 |
_a[S.l.] : _bAmerican Mathematical Society, _c2000. |
||
| 300 |
_a154 p. ; _c22 cm. |
||
| 490 | 1 | _aTranslations of mathematical monographs) (vol 1. | |
| 700 | 1 | _aKurokawa, Nobushige. | |
| 700 | 1 | _aSaito, Takeshi. | |
| 830 | 0 | _aTranslations of mathematical monographs) (vol 1. | |
| 942 |
_aSNS _cBK _k512.7 KAT |
||
| 999 |
_c29593 _d29593 |
||